000 00376nam a2200121 4500
999 _c13642
_d13642
008 190329b ||||| |||| 00| 0 eng d
100 _937991
_aNewman, Minerva BC
245 _aPolice list top 5 crimes committed against children/
_cMinerva BC Newman
260 _aPhilippines
_bManila Bulletin
_cc2018
300 _apage 15.
650 0 _937992
_aChild abuse.
942 _2ddc
_cPER